000 00366nam a2200157Ia 4500
003 LK-CoDNM
008 010623t xxu||||| |||| 00| 1 sin d
040 _aLK-CoDNM
_dLK-CoDNM
_eLK-CoDNM
041 _asin
080 _a294.3 JAY
100 _aJayetunga,D.R.
245 _aදහම් දැනුම
300 _b80p., 21 cm
650 _aBuddhism
942 _cBK
999 _c138570
_d138570